Enriquecimiento sin causa y perspectiva de género en uniones convivenciales / (Registro nro. 6244)
[ vista simple ]
| 000 -LEADER | |
|---|---|
| fixed length control field | 01398nab a22002417a 4500 |
| 003 - CONTROL NUMBER IDENTIFIER | |
| control field | OSt |
| 005 - DATE AND TIME OF LATEST TRANSACTION | |
| control field | 20260127194252.0 |
| 008 - FIXED-LENGTH DATA ELEMENTS--GENERAL INFORMATION | |
| fixed length control field | 190514b xxu||||| |||| 00| 0 spa d |
| 040 ## - CATALOGING SOURCE | |
| Transcribing agency | PJ |
| 100 ## - MAIN ENTRY--PERSONAL NAME | |
| 9 (RLIN) | 6956 |
| Personal name | Terk, María Virginia |
| 245 10 - TITLE STATEMENT | |
| Title | Enriquecimiento sin causa y perspectiva de género en uniones convivenciales / |
| Statement of responsibility, etc | María Virginia Terk. |
| 300 ## - PHYSICAL DESCRIPTION | |
| Extent | p. 45-52 |
| 500 ## - GENERAL NOTE | |
| General note | Cita: TR LALEY AR/DOC/2137/2025. |
| 505 ## - FORMATTED CONTENTS NOTE | |
| Formatted contents note | Sumario: I. Introducción.— II. Resumen de la resolución comentada.— III. El régimen patrimonial de las uniones convivenciales y la distribución de bienes al cese.— IV. Una necesaria mirada desde la perspectiva de género.— V. El enriquecimiento sin causa, desde la perspectiva de género.— VI. Enriquecimiento sin causa y uniones convivenciales.— VII. Conclusiones. |
| 505 ## - FORMATTED CONTENTS NOTE | |
| Title | Fallo comentado: CCiv., Com. Familia y Contencioso Administrativo, Villa María ~ 28/03/2025 ~ A. M. C. c. A. J. S. s/ uniones convivenciales — ley 9283. |
| 650 #0 - SUBJECT ADDED ENTRY--TOPICAL TERM | |
| 9 (RLIN) | 967 |
| Topical term or geographic name as entry element | DERECHO DE FAMILIA |
| 650 #0 - SUBJECT ADDED ENTRY--TOPICAL TERM | |
| 9 (RLIN) | 1053 |
| Topical term or geographic name as entry element | UNIONES CONVIVENCIALES |
| 650 #0 - SUBJECT ADDED ENTRY--TOPICAL TERM | |
| 9 (RLIN) | 4044 |
| Topical term or geographic name as entry element | PERSPECTIVA DE GÉNERO |
| 650 #0 - SUBJECT ADDED ENTRY--TOPICAL TERM | |
| 9 (RLIN) | 5831 |
| Topical term or geographic name as entry element | ENRIQUECIMIENTO SIN CAUSA |
| 650 #0 - SUBJECT ADDED ENTRY--TOPICAL TERM | |
| 9 (RLIN) | 1057 |
| Topical term or geographic name as entry element | JURISPRUDENCIA APLICABLE |
| 773 0# - HOST ITEM ENTRY | |
| Host Biblionumber | 2844 |
| Host Itemnumber | 3222 |
| Place, publisher, and date of publication | Buenos Aires : AbeledoPerrot, 1989- |
| Title | Derecho de familia. Revista Interdisciplinaria de doctrina y jurisprudencia. Octubre 2025-V. |
| International Standard Book Number | 18511201 |
| 942 ## - ADDED ENTRY ELEMENTS (KOHA) | |
| Source of classification or shelving scheme | |
| Koha item type | Analítica Artículo de Revista |
No hay ítems disponibles.
